Dutch football players by picture - Statistics

General Stats
  • This quiz has been taken 108 times
  • The average score is 13 of 15
Answer Stats
Picture Answer % Correct
Arjen Robben
97%
Johan Cruyff
97%
Virgil van Dijk
96%
Memphis Depay
95%
Robin van Persie
93%
Ruud Gullit
90%
Marco van Basten
88%
Matthijs de Ligt
88%
Ruud van Nistelrooy
87%
Ronald Koeman
86%
Wesley Sneijder
85%
Clarence Seedorf
84%
Edwin van der Sar
84%
Georginio Wijnaldum
84%
Nigel De Jong
70%
No matching quizzes found
Score Distribution
Percent of People with Each Score
Percentile by Number Answered
Your Score History
You have not taken this quiz